008960000a220009700045001000028000002450089000283000038001175200568001556500017007237730058007401 aDe Freitas Faria, Jacir10aLa relectura del Shemá Israel en los Evangelios y en los Hechos de los Apóstoles aNum. 40 (2001), Páginas 49 - 61 aEl presente estudio es un análisis de Deuteronomio 6: 4-9, el Shemá Israel "escucha oh Israel", en los textos de los Evangelios y los Hechos de los Apóstoles. Ese tesoro de la fe de Israel quedó grabado en el corazón de los primeros cristianos, los cuales no pudieron dejar de vivir la experiencia de Jesucristo sin referirse al modo judío de ser el pueblo electo. Se analizarán los Hechos de Jesús y de sus discípulos/as en la perspectiva de Escuchar, Oír e Interpretar desde la fe en Jesús como la presencia de Dios en medio de los suyos.14aDEUTERONOMIO0 tRevista de Interpretación Bíblica Latinoamericana